000 00713nam a22002057a 4500
999 _c6343
_d6343
003 AR-CdUCM
008 190314b ||||| |||| 00| 0 spa d
040 _aMUNICIPALIDAD PROVINCIAL DEL CUSCO
_cBIBLIOTECA MUNICIPAL DEL CUSCO
082 _a869.58 /
_bF41
100 _aJean Paul Sartre
_918129
245 _aNarradores de La Libertad /
300 _a114 paginas ;
_c18 cm.
500 _aDonación familia Nieto
505 _aContenido :Las islas azules --La familia pichilin --Esta casa --Paco yunque --La piedra y la cruz --El naranjo de quito --La maldición burlada ...
650 _aLiteratura peruana
_9169
650 _aCuento
_94671
650 _aSiglo XX
_98
942 _2ddc
_cLIBROS
945 _arjall